|
|
|
|
| LEADER |
01216naa a2200289 i 4500 |
| 001 |
acta78451 |
| 005 |
20230316144331.0 |
| 008 |
230316s2022 hu o 1|| eng d |
| 020 |
|
|
|a 978-963-306-904-2
|
| 040 |
|
|
|a SZTE Egyetemi Kiadványok Repozitórium
|b hun
|
| 041 |
|
|
|a eng
|
| 100 |
1 |
|
|a Conte Giuseppe
|
| 245 |
1 |
0 |
|a Hydrogen storage and mobility determined for various organically functionalised porous silica synthetised by using the post-grafting method
|h [elektronikus dokumentum] :
|b [abstract] /
|c Conte Giuseppe
|
| 260 |
|
|
|c 2022
|
| 300 |
|
|
|a 40
|
| 490 |
0 |
|
|a Proceedings of the International Symposium on Analytical and Environmental Problems
|v 28
|
| 650 |
|
4 |
|a Természettudományok
|
| 650 |
|
4 |
|a Kémiai tudományok
|
| 695 |
|
|
|a Kémia - előadáskivonat
|
| 700 |
0 |
1 |
|a Putz Ana-Maria
|e aut
|
| 700 |
0 |
1 |
|a Simari Cataldo
|e aut
|
| 700 |
0 |
2 |
|a Poselle Bonaventura Carlo
|e aut
|
| 700 |
0 |
2 |
|a Porto Michele
|e aut
|
| 700 |
0 |
2 |
|a Agostino Raffaele G.
|e aut
|
| 700 |
0 |
2 |
|a Policicchio Alfonso
|e aut
|
| 711 |
|
|
|a 28th International Symposium on Analytical and Environmental Problems
|c Szeged
|d 2022. november 14-15.
|
| 856 |
4 |
0 |
|u http://acta.bibl.u-szeged.hu/78451/1/proceedings_of_isaep_2022_040.pdf
|z Dokumentum-elérés
|